000 01862nam0a2200385 4500
001 RU\NLR\bibl\30481
005 20250615022259.0
010 _a5-7707-4437-5
_95000
021 _aRU
_b98-29412
_91398
035 _a(NLR Aleph) 000029681
090 _a147289
_c147289
100 _a19990531d1998 |||y0rusy50 ca
101 1 _arus
_ceng
102 _aRU
105 _a|||||||||||||
200 1 _aОбзор Ветхого Завета
_eОткровение, лит. форма и ист. контекст Ветхого Завета
_fУилльям Сзнфорд С. Ла Сор, Давид Аллан Хаббард, Фредерик Уилльям Буш
_g[Пер. с англ. Б.Г. Херсонский, А.Ф. Тихомиров]
_gОдес. богосл. семинария ЕХБ
210 _aСПб
_cБогомыслие
_cБиблия для всех
_d1998
215 _a613 с.
_cил., карты
_d24
225 1 _aБиблейская кафедра
300 _aЗагл. ориг.: Old Testament survey: The message, form, a. background of the Old Testament
320 _aБиблиогр.: с. 613-614 и в конце гл.
454 0 _12001#$aOld Testament survey$eThe message, form, a. background of the Old Testament
_tOld Testament survey
605 _aБиблия
_iВетхий Завет
_xИсследование текста
_91152559
_3RU\NLR\auth\66142058
605 _aБиблия
_iВ.З.
_2psbo
686 _aЭ37-210.2
700 1 _aЛа Сор
_bУ. С.С.
_gУилльям Сэнфорд С.
_4070
701 1 _aХаббард
_bД. А.
_gДавид Аллан
_4070
701 1 _aБуш
_bФ. У.
_gФредерик Уилльям
_4070
801 0 _aRU
_bNLR
_c19990531
_gPSBO
801 1 _aRU
_bNLR
_c19990531
852 _aNLR
_j99-7/661
942 _cBOOK
980 _aNB